Histories Formula One tracks - Statistics

General Stats
  • This quiz has been taken 109 times
    92 since last reset
  • The average score is 7 of 70
Answer Stats
Hint Answer % Correct
Austrailia Adelaide Street Circuit
79%
Australia Albert Park
78%
Austria Red bull ring
59%
Belgium Circuit de Spa-Francorchamps
38%
Belgium Circuit Zolder
37%
Austria Zeltweg Airfield
28%
British Brands Hatch
27%
Italy Autodromo Enzo e Dino Ferrari
22%
Bahrain Bahrain International Circuit
21%
Germany Nurburgring
21%
British Silverstone Circuit
21%
China Shanghai International Circuit
17%
Canada Circuit Gilles Villeneuve
15%
Brazil Autódromo José Carlos Pace
14%
Hungary Hungaroring
14%
USA Indianapolis
14%
South Africa Kyalami
14%
French Circuit de Nevers Magny-Cours
13%
USA Circuit of the Americas
13%
Germany Hockenheimring
13%
British Aintree
12%
Monaco Circuit de Monaco
10%
Turkey Istanbul Park
10%
Singapore Marina Bay Street Circuit
10%
USA Watkins Glen
10%
India Buddh International Circuit
9%
Malaysia Sepang International Circuit
9%
Russia Sochi Autodrom
9%
UAE Yas Marina Circuit
9%
Germany AVUS
8%
Japan Suzuka Circuit
8%
European Valencia Street Circuit
8%
Mexico Autódromo Hermanos Rodríguez
6%
Spain Circuit de Barcelona-Catalunya
6%
Spain Circuito de Jerez
5%
Japan Fuji Speedway
5%
South Korea Korea International Circuit
5%
Argentina Autódromo Juan y Oscar Gálvez
4%
European Baku City Circuit
4%
Belgium Nivelles-Baulers
4%
French Bugatti Circuit
3%
USA Detroit street circuit
3%
French Dijon-Prenois
3%
Italy Pescara Circuit
3%
French Reims-Gueux
3%
Sweden Anderstorp Raceway
1%
Italy Autodromo Nazionale Monza
1%
USA Caesars Palace Grand Prix
1%
Switzerland Circuit Bremgarten
1%
Canada Circuit Mont-Tremblant
1%
Netherlands Circuit Park Zandvoort
1%
French Circuit Paul Richard
1%
Spain Montjuïc circuit
1%
Canada Mosport International Raceway
1%
South Africa Prince George Circuit
1%
Morroco Ain-Diab Circuit
0%
Portugal Autódromo do Estoril
0%
Brazil Autódromo Internacional Nelson Piquet
0%
French Charade Circuit
0%
Portugal Circuito da Boavista
0%
Spain Circuito del Jarama
0%
USA Fair Park
0%
USA Grand Prix of Long Beach
0%
Portugal ircuito de Monsanto
0%
Spain Pedralbes Circuit
0%
USA Phoenix street circuit
0%
USA Riverside International Raceway
0%
French Rouen-Les-Essarts
0%
USA Sebring International Raceway
0%
Pacific Tanaka International Circuit
0%
No matching quizzes found
Score Distribution
Percent of People with Each Score
Percentile by Number Answered
Your Score History
You have not taken this quiz since the last reset